[Event "II Weekend Open"]
[Site "Omegna ITA"]
[Date "2014.08.10"]
[Round "4"]
[White "Nordio, Giorgio"]
[Black "Puricelli, Giancarlo"]
[WhiteElo "1716"]
[BlackElo "1683"]
[Result "1/2-1/2"]
[PlyCount "69"]
[EventDate "2014.08.08"]

1. c4 Nf6 2. g3 g6 3. Bg2 Bg7 4. Nf3 O-O 5. O-O e6 6. d3 d5 7. Qc2 Nc6 8. a3 e5
9. cxd5 Nxd5 10. Bd2 Be6 11. Nc3 Nde7 12. Ne4 Nf5 13. Nc5 Nfd4 14. Nxd4 Nxd4
15. Qd1 Bd5 16. Bxd5 Qxd5 17. Rc1 b6 18. Ne4 c5 19. Bh6 f5 20. Bxg7 Kxg7 21.
Nd2 e4 22. dxe4 fxe4 23. e3 Nf3+ 24. Nxf3 Qxd1 25. Rfxd1 exf3 26. Rd7+ Rf7 27.
Rcd1 Rxd7 28. Rxd7+ Kf6 29. Kf1 Ke6 30. Rd3 g5 31. g4 h5 32. gxh5 Rh8 33. Kg1
Rxh5 34. Rd8 a5 35. Rg8 1/2-1/2

[Event "II Weekend Open"]
[Site "Omegna ITA"]
[Date "2014.08.10"]
[Round "4"]
[White "Rancati, David"]
[Black "Recanatini, Italo"]
[WhiteElo "1491"]
[BlackElo "1800"]
[Result "0-1"]
[PlyCount "94"]
[EventDate "2014.08.08"]

1. e4 d5 2. exd5 Qxd5 3. Nc3 Qa5 4. Nf3 Bg4 5. Be2 Nf6 6. d3 c6 7. Bd2 Qc7 8.
Qc1 e6 9. Nd1 Nbd7 10. Ne3 Bxf3 11. Bxf3 Bd6 12. Nf1 Ne5 13. Qd1 h6 14. Ng3 Qb6
15. b3 Bb4 16. Be2 Qa5 17. Nf1 Nd5 18. Bxb4 Qxb4+ 19. Qd2 Qc3 20. Rc1 Qxd2+ 21.
Nxd2 Nc3 22. a4 a5 23. Ne4 Nxe4 24. dxe4 Rd8 25. O-O Rd2 26. Rfe1 Ke7 27. Kf1
Rhd8 28. Red1 Rxd1+ 29. Rxd1 Rxd1+ 30. Bxd1 Kd6 31. Ke2 Kc5 32. Ke3 b5 33. f4
bxa4 34. bxa4 Nc4+ 35. Kf3 Nb2 36. Ke2 Nxa4 37. Kd2 Kd4 38. e5 Nc3 39. Bf3 c5
40. Kc1 Ke3 41. Kb2 Ne2 42. Bxe2 Kxe2 43. Ka3 Kd2 44. Kb3 h5 45. g3 h4 46. g4
h3 47. g5 g6 0-1

[Event "II Weekend Open"]
[Site "Omegna ITA"]
[Date "2014.08.10"]
[Round "4"]
[White "Rossi, Emanuele"]
[Black "Martin, Raoul"]
[WhiteElo "1605"]
[BlackElo "1469"]
[Result "1-0"]
[PlyCount "37"]
[EventDate "2014.08.08"]

1. e4 c5 2. d4 cxd4 3. c3 dxc3 4. Nxc3 Nc6 5. Bc4 e6 6. Nf3 Nge7 7. O-O Ng6 8.
Re1 Be7 9. e5 O-O 10. Bd3 a6 11. Bxg6 hxg6 12. Ne4 f6 13. exf6 gxf6 14. Ng3 f5
15. a3 Bf6 16. Ra2 b5 17. Bd2 e5 18. Bc3 d6 19. Qd5+ 1-0

[Event "II Weekend Open"]
[Site "Omegna ITA"]
[Date "2014.08.10"]
[Round "4"]
[White "Sajjadi, Kimiya"]
[Black "Faraci, Libero"]
[WhiteElo "1531"]
[BlackElo "1713"]
[Result "1-0"]
[PlyCount "65"]
[EventDate "2014.08.08"]

1. d4 Nf6 2. c4 e6 3. Nc3 Bb4 4. e3 Bxc3+ 5. bxc3 c5 6. Bd3 Nc6 7. Ne2 b6 8.
O-O Bb7 9. Rb1 d6 10. Ba3 Rb8 11. Qa4 O-O 12. Rfd1 Qc7 13. Ng3 Rfd8 14. Ne4
Nxe4 15. Bxe4 d5 16. cxd5 exd5 17. Bf3 Na5 18. dxc5 bxc5 19. Rb5 Nc4 20. Rxc5
Qb6 21. Be2 Nb2 22. Bxb2 Qxb2 23. Bd3 Bc8 24. Qh4 Be6 25. Qxh7+ Kf8 26. Qh8+
Ke7 27. Qxg7 Rg8 28. Qe5 Rb7 29. Rc7+ Rxc7 30. Qxc7+ Kf6 31. Qxa7 Qxc3 32. Qd4+
Qxd4 33. exd4 1-0

[Event "II Weekend Open"]
[Site "Omegna ITA"]
[Date "2014.08.10"]
[Round "4"]
[White "Scalfi, Agostino"]
[Black "Modaffari, Giuseppe"]
[WhiteElo "1824"]
[BlackElo "1576"]
[Result "1-0"]
[PlyCount "73"]
[EventDate "2014.08.08"]

1. e4 c5 2. Nf3 d6 3. d4 cxd4 4. Nxd4 Nf6 5. Nc3 g6 6. Be3 Bg7 7. Qd2 Ng4 8.
Bg5 h6 9. Bh4 g5 10. Bg3 O-O 11. f3 Nf6 12. h4 Nh5 13. Bf2 g4 14. O-O-O Nc6 15.
Be2 Nf6 16. fxg4 Bxg4 17. Bxg4 Nxg4 18. Bg1 Nf6 19. Nf5 Ne5 20. Nxg7 Kxg7 21.
Qf4 Qa5 22. Kb1 Ng6 23. Qf3 Qh5 24. Qf1 a6 25. Be3 Rac8 26. Qd3 b5 27. Nd5 Ne5
28. Nxf6 Nxd3 29. Nxh5+ Kg6 30. Nf4+ Nxf4 31. Bxf4 Rc4 32. Rhe1 Rfc8 33. Re2 f6
34. g4 h5 35. g5 f5 36. exf5+ Kxf5 37. Bg3 1-0

[Event "II Weekend Open"]
[Site "Omegna ITA"]
[Date "2014.08.10"]
[Round "4"]
[White "Schingaro, Angelo"]
[Black "Zahner, Rolf"]
[WhiteElo "1702"]
[BlackElo "1637"]
[Result "1/2-1/2"]
[PlyCount "52"]
[EventDate "2014.08.08"]

1. e4 c5 2. Nf3 d6 3. d4 cxd4 4. Nxd4 Nf6 5. Nc3 a6 6. Be3 e6 7. f3 Be7 8. Qd2
b5 9. a4 b4 10. Na2 a5 11. c3 bxc3 12. Nxc3 O-O 13. Bb5 Bd7 14. Rc1 Bxb5 15.
Ncxb5 d5 16. Nc7 Bb4 17. Rc3 Bxc3 18. Qxc3 dxe4 19. Nxa8 Nd5 20. Qd2 Nxe3 21.
Qxe3 Nd7 22. Qxe4 Qxa8 23. Qxa8 Rxa8 24. Kd2 Nc5 25. Ra1 e5 26. Rc1 Nxa4
1/2-1/2

[Event "II Weekend Open"]
[Site "Omegna ITA"]
[Date "2014.08.10"]
[Round "4"]
[White "Tinelli, Fulvio"]
[Black "Borghi, Dario"]
[WhiteElo "1440"]
[BlackElo "1767"]
[Result "0-1"]
[PlyCount "124"]
[EventDate "2014.08.08"]

1. d4 g6 2. Nf3 Bg7 3. c3 Nf6 4. Bg5 h6 5. Bh4 O-O 6. Nbd2 d6 7. e4 Nbd7 8. Bd3
Re8 9. O-O Kh7 10. Qc2 Nh5 11. Rae1 Nf4 12. Bc4 Rf8 13. Bg3 Nh5 14. e5 Nb6 15.
Bd3 Nd5 16. e6 f5 17. Qb3 c6 18. c4 Nc7 19. d5 c5 20. h3 Na6 21. a3 Qb6 22.
Qxb6 axb6 23. Rb1 Nc7 24. Rfe1 b5 25. cxb5 Nxg3 26. fxg3 Nxd5 27. Nc4 Rf6 28.
Rbd1 Rxe6 29. Bf1 Rxe1 30. Nxe1 Bd4+ 31. Kh2 Ne3 32. Nxe3 Bxe3 33. Nc2 Bg5 34.
Bd3 d5 35. Ne1 Bf6 36. Rd2 e5 37. Bc2 Be6 38. Nd3 b6 39. Kg1 g5 40. Nf2 Kg7 41.
Bd1 e4 42. Re2 d4 43. g4 Bc4 44. Rc2 Bb3 45. Rc1 Bxd1 46. Rxd1 e3 47. Nd3 f4
48. Rc1 Rc8 49. b3 Kf7 50. Kf1 Ke6 51. Ke2 Kd5 52. Kf3 c4 53. Nb4+ Kd6 54. bxc4
Re8 55. Nd3 e2 56. Ne1 Re3+ 57. Kf2 d3 58. Nxd3 Rxd3 59. Kxe2 Rxa3 60. Rc2 Re3+
61. Kd2 Rg3 62. Kc1 Re3 0-1

[Event "II Weekend Open"]
[Site "Omegna ITA"]
[Date "2014.08.10"]
[Round "4"]
[White "Trisconi, Alessio"]
[Black "Maffeo, Mauro"]
[WhiteElo "1440"]
[BlackElo "1730"]
[Result "1-0"]
[PlyCount "105"]
[EventDate "2014.08.08"]

1. c4 e6 2. Nc3 f5 3. g3 Nf6 4. Bg2 c6 5. b3 d5 6. cxd5 exd5 7. d3 Bb4 8. Bd2
O-O 9. Nf3 Nbd7 10. O-O Bd6 11. Re1 Ne5 12. Qc2 Qe8 13. Bg5 Qh5 14. Bxf6 Rxf6
15. h3 Bd7 16. d4 Nf7 17. e3 g5 18. Ne5 Bxe5 19. dxe5 Nxe5 20. f4 Nf7 21. Qd1
g4 22. h4 Nd6 23. Na4 Ne4 24. Bxe4 fxe4 25. Nc5 Bc8 26. Qd4 Qf7 27. b4 b6 28.
Nb3 Ba6 29. a4 Bd3 30. a5 Bc4 31. axb6 a6 32. Nc5 Rd6 33. Qe5 Rdd8 34. h5 Rab8
35. b7 h6 36. Kf2 Re8 37. Qd4 Rxb7 38. Nxb7 Qxb7 39. Qf6 Qxb4 40. Qg6+ Kf8 41.
Qxh6+ Ke7 42. Rab1 Bb3 43. Qg7+ Kd8 44. h6 Re7 45. Qf8+ Kd7 46. h7 d4 47. Red1
Qc3 48. Rxd4+ Ke6 49. Qg8+ Kf5 50. Qf8+ Rf7 51. Qd8 Qc2+ 52. Rd2 Qxb1 53. h8=Q
1-0

[Event "II Weekend Open"]
[Site "Omegna ITA"]
[Date "2014.08.10"]
[Round "5"]
[White "Bettini, Alessandro"]
[Black "Tinelli, Fulvio"]
[WhiteElo "1829"]
[BlackElo "1440"]
[Result "0-1"]
[PlyCount "162"]
[EventDate "2014.08.08"]

1. d4 d5 2. Nf3 Nf6 3. e3 e6 4. b3 Be7 5. Bd3 O-O 6. O-O b6 7. Bb2 Bb7 8. Nbd2
c5 9. Rc1 Nc6 10. c4 Rc8 11. dxc5 Bxc5 12. Bb1 d4 13. exd4 Nxd4 14. Nxd4 Bxd4
15. Qc2 Bxb2 16. Qxb2 Qc7 17. Qc2 Rfd8 18. Rcd1 Rd7 19. f3 Rcd8 20. Ne4 Nxe4
21. Rxd7 Qxd7 22. fxe4 e5 23. Qf2 Qd4 24. Qxd4 Rxd4 25. Re1 f6 26. Kf2 Kf7 27.
Ke3 Ke6 28. Rf1 Kd6 29. Bd3 a5 30. Rf3 Kc5 31. a3 Ba6 32. Rf2 Bc8 33. Rb2 Be6
34. h3 Rd7 35. Rc2 Rd4 36. Rc1 Rd7 37. Rg1 Rd6 38. h4 Bg4 39. Rb1 Rd4 40. Rg1
h6 41. Rb1 f5 42. exf5 Rxd3+ 43. Ke4 Rd2 44. Kxe5 Rxg2 45. b4+ axb4 46. axb4+
Kxc4 47. f6 gxf6+ 48. Kxf6 h5 49. Ke5 Rc2 50. b5 Bd7 51. Kf4 Kc5 52. Kg5 Bg4
53. Rb3 Rc4 54. Kf6 Rb4 55. Re3 Kxb5 56. Ke5 Kc5 57. Re1 b5 58. Rc1+ Rc4 59.
Ra1 Rc3 60. Kf4 Kc4 61. Ke4 b4 62. Ra7 Kb3 63. Kd4 Rh3 64. Re7 Rxh4 65. Re3+
Ka4 66. Re1 b3 67. Re3 Rh3 68. Kc4 b2 69. Re7 Ka5 70. Rb7 Rh2 71. Kc5 Rc2+ 72.
Kd4 Ka4 73. Kd3 Bf5+ 74. Kd4 Ka3 75. Ra7+ Kb3 76. Rb7+ Ka2 77. Ra7+ Kb1 78. Rf7
Bg4 79. Kd3 Rc1 80. Kd2 Rd1+ 81. Kc3 Kc1 0-1

[Event "II Weekend Open"]
[Site "Omegna ITA"]
[Date "2014.08.10"]
[Round "5"]
[White "Borghi, Dario"]
[Black "Chanex, Arnaud"]
[WhiteElo "1767"]
[BlackElo "1726"]
[Result "1-0"]
[PlyCount "123"]
[EventDate "2014.08.08"]

1. c4 Nf6 2. Nf3 e6 3. g3 d5 4. b3 Be7 5. Bg2 O-O 6. O-O Nbd7 7. d3 e5 8. Qc2
c6 9. Nbd2 Re8 10. Bb2 Bd6 11. Rad1 Qc7 12. e3 h6 13. a3 a5 14. Rfe1 b6 15. Rc1
Bb7 16. Nh4 Rac8 17. Nf5 Bf8 18. cxd5 c5 19. e4 Qb8 20. Qb1 Ba6 21. Nf1 Kh8 22.
N1e3 Ng8 23. Bh3 Rcd8 24. Red1 Ne7 25. Re1 Nxf5 26. Nxf5 Qb7 27. Rcd1 Nf6 28.
Qa1 Qb8 29. f4 Nd7 30. fxe5 Nxe5 31. Bg4 f6 32. Bxe5 Qxe5 33. Qxe5 Rxe5 34. Nh4
Kh7 35. Bf5+ Kg8 36. Ng6 Ree8 37. Be6+ Rxe6 38. dxe6 Re8 39. d4 cxd4 40. Nxf8
Kxf8 41. Rxd4 Rxe6 42. Kf2 Ke7 43. Red1 Bb5 44. a4 Bc6 45. Re1 Bb7 46. g4 g6
47. Re3 Re5 48. Kg3 Ke6 49. Kf4 h5 50. h3 hxg4 51. hxg4 Ke7 52. Red3 Bc6 53.
Rc4 Re6 54. Rdc3 Bd7 55. Rh3 Kd6 56. Rd4+ Kc7 57. Rh7 Rd6 58. Rxd6 Kxd6 59. g5
fxg5+ 60. Kxg5 Be8 61. e5+ Kd5 62. Rb7 1-0

[Event "II Weekend Open"]
[Site "Omegna ITA"]
[Date "2014.08.10"]
[Round "5"]
[White "Cavagna, Marco"]
[Black "Rossi, Emanuele"]
[WhiteElo "1497"]
[BlackElo "1605"]
[Result "1-0"]
[PlyCount "135"]
[EventDate "2014.08.08"]

1. d4 c5 2. e3 cxd4 3. exd4 d5 4. Nf3 Nf6 5. c4 g6 6. Nc3 Bg7 7. Bf4 a6 8. Bd3
O-O 9. O-O Nc6 10. h3 Bf5 11. b3 Bxd3 12. Qxd3 Nb4 13. Qd2 Nh5 14. a3 Nxf4 15.
axb4 Bh6 16. Qd1 e6 17. Re1 Qf6 18. Ne5 Qg5 19. Qf3 Rad8 20. cxd5 exd5 21. Kh2
f6 22. Ng4 Rfe8 23. g3 Nh5 24. h4 Qd2 25. Nxh6+ Qxh6 26. Nxd5 Qf8 27. Rac1 Rxe1
28. Rxe1 Qd6 29. Nf4 Nxf4 30. Qxf4 Qxf4 31. gxf4 Rxd4 32. Re6 Rxb4 33. Rxf6
Rxb3 34. Rd6 a5 35. Rd8+ Kg7 36. Ra8 b6 37. Ra7+ Kh6 38. Kg2 b5 39. Rxa5 Kh5
40. Ra7 h6 41. Rg7 Rc3 42. f3 Rc6 43. Kg3 Rb6 44. Rd7 g5 45. Rd5 Kg6 46. fxg5
h5 47. f4 b4 48. f5+ Kg7 49. Rd7+ Kf8 50. f6 b3 51. Rd1 b2 52. Rb1 Kf7 53. Kf4
Kg6 54. Kg3 Rb3+ 55. Kg2 Rb4 56. Kg3 Rg4+ 57. Kh3 Rb4 58. Kg3 Kf7 59. Kh3 Rb8
60. Kg3 Ke6 61. Kf4 Kd5 62. g6 Ke6 63. Kg5 Rb5+ 64. Kh6 Kxf6 65. g7 Kf7 66. Kh7
Rb7 67. g8=Q+ Kf6+ 68. Kh6 1-0

[Event "II Weekend Open"]
[Site "Omegna ITA"]
[Date "2014.08.10"]
[Round "5"]
[White "Coqueraut, Lodewyk"]
[Black "Ciochetta, Giovanni"]
[WhiteElo "1691"]
[BlackElo "1549"]
[Result "0-1"]
[PlyCount "84"]
[EventDate "2014.08.08"]

1. d4 Nf6 2. c4 e6 3. Nc3 Bb4 4. Nf3 O-O 5. Qc2 b6 6. e4 Bb7 7. Bd3 d5 8. cxd5
exd5 9. e5 Ne4 10. O-O Bxc3 11. bxc3 h6 12. Rb1 f5 13. exf6 Qxf6 14. Be3 Nd7
15. c4 Qc6 16. Rfc1 Rac8 17. Qe2 Qe6 18. Rc2 Kh8 19. cxd5 Qxd5 20. Ne1 c5 21.
f3 Ng5 22. Bc4 Qc6 23. Bxg5 hxg5 24. Bb5 Qd6 25. Rbc1 cxd4 26. Rxc8 Rxc8 27.
Nd3 Nc5 28. Ne5 Rf8 29. Re1 a6 30. Bc4 b5 31. Nf7+ Rxf7 32. Bxf7 Bc6 33. Be8 d3
34. Qd2 Bxe8 35. Rxe8+ Kh7 36. Re3 Qd4 37. Kf1 b4 38. g4 a5 39. Re1 Kg6 40. h4
gxh4 41. f4 Ne4 42. Qg2 Ng3+ 0-1

[Event "II Weekend Open"]
[Site "Omegna ITA"]
[Date "2014.08.10"]
[Round "5"]
[White "Del Nevo, Claudio"]
[Black "Nordio, Giorgio"]
[WhiteElo "1832"]
[BlackElo "1716"]
[Result "1-0"]
[PlyCount "83"]
[EventDate "2014.08.08"]

1. d4 c6 2. c3 d5 3. Nf3 Nf6 4. Bg5 Bf5 5. Bxf6 gxf6 6. Nbd2 Nd7 7. e3 Qc7 8.
Nh4 Bg6 9. Nxg6 hxg6 10. Nf3 e5 11. dxe5 fxe5 12. g3 Be7 13. Qc2 O-O-O 14.
O-O-O Bf6 15. h4 Kb8 16. Kb1 Nc5 17. Bg2 Nd7 18. Rc1 Nb6 19. Nd2 Rc8 20. Bh3
Nd7 21. Nb3 Rcd8 22. Bxd7 Qxd7 23. Rcd1 Qc7 24. Nc5 Be7 25. Nd3 Bf6 26. f4 Rd7
27. Qb3 Bg7 28. Nc5 Qd6 29. Nxd7+ Qxd7 30. Qc2 Qe6 31. Rde1 Qg4 32. Rhg1 Qe6
33. Qf2 Qd7 34. g4 Qe7 35. Rh1 Qd7 36. f5 Rf8 37. f6 Bh8 38. g5 Rg8 39. Qg3 Qe6
40. e4 Rd8 41. Rd1 Rd7 42. Rhe1 1-0

[Event "II Weekend Open"]
[Site "Omegna ITA"]
[Date "2014.08.10"]
[Round "5"]
[White "Faraci, Libero"]
[Black "Lantschner, Alexander"]
[WhiteElo "1713"]
[BlackElo "1562"]
[Result "1-0"]
[PlyCount "130"]
[EventDate "2014.08.08"]

1. c4 e5 2. Nc3 Bc5 3. Nf3 d6 4. g3 Nf6 5. Bg2 Nbd7 6. O-O O-O 7. d3 a6 8. Bd2
h6 9. Rb1 Rb8 10. b4 Ba7 11. a3 b6 12. a4 Bb7 13. b5 a5 14. Qc2 Rc8 15. e4 c6
16. Be3 cxb5 17. Nxb5 Bb8 18. Qa2 Nc5 19. Bxc5 dxc5 20. Qb3 Rc6 21. Rfd1 Re8
22. Nd2 Re7 23. Nf1 Rd7 24. Ne3 Re6 25. Nd5 Kh8 26. Bh3 Bxd5 27. cxd5 Rb7 28.
dxe6 fxe6 29. Qxe6 Rd7 30. Qc4 Re7 31. Nc3 Bc7 32. Nd5 Nxd5 33. Qxd5 Qf8 34.
Rf1 Rf7 35. Qb7 Qd6 36. Qd5 Qe7 37. Qe6 Qf8 38. Qc8 Bd8 39. f4 Qd6 40. Qa6 exf4
41. Rxf4 Bf6 42. Qa8+ Rf8 43. Qd5 Qb8 44. Rbf1 Rd8 45. Rxf6 gxf6 46. Qh5 Kg7
47. Bf5 Qe5 48. Qg6+ Kf8 49. Qxh6+ Ke7 50. Qf4 Qd4+ 51. Kg2 Qxd3 52. Qc7+ Kf8
53. Qxb6 Qd2+ 54. Rf2 Qd4 55. Rc2 c4 56. Qxd4 Rxd4 57. Be6 Rxe4 58. Bxc4 Kg7
59. Bb5 Re5 60. Re2 Rc5 61. g4 Kg6 62. Re3 Kg5 63. Rf3 Re5 64. h3 Kh4 65. Rf5
Re4 1-0

[Event "II Weekend Open"]
[Site "Omegna ITA"]
[Date "2014.08.10"]
[Round "5"]
[White "Giancola, Andrea"]
[Black "Agnello, Francesco Claudio"]
[WhiteElo "1760"]
[BlackElo "1836"]
[Result "1/2-1/2"]
[PlyCount "94"]
[EventDate "2014.08.08"]

1. e4 d5 2. exd5 Nf6 3. Bb5+ Bd7 4. Bxd7+ Qxd7 5. c4 c6 6. dxc6 Nxc6 7. Nf3 e5
8. O-O O-O-O 9. Re1 e4 10. Ng5 Re8 11. Nc3 Qf5 12. d3 exd3 13. Rxe8+ Nxe8 14.
Qf3 Qxf3 15. Nxf3 Bb4 16. Bd2 Nc7 17. a3 Bxc3 18. Bxc3 f6 19. Rd1 Rd8 20. Ne1
b5 21. b3 Nd4 22. Bxd4 Rxd4 23. Rxd3 Ne6 24. cxb5 Rxd3 25. Nxd3 Nd4 26. Nc5
Nxb5 27. a4 Nd4 28. f3 Kc7 29. Kf2 Kc6 30. b4 Kd5 31. Nd7 Kc4 32. b5 Kb4 33. b6
axb6 34. Nxb6 Ka5 35. Nd7 Kxa4 36. Ke3 Ne6 37. Ke4 Kb5 38. Nxf6 gxf6 39. Kf5
Nd4+ 40. Kxf6 Kc6 41. f4 Kd5 42. g4 Ke4 43. f5 Kf4 44. h3 h5 45. Kg6 hxg4 46.
hxg4 Kxg4 47. f6 Ne6 1/2-1/2

[Event "II Weekend Open"]
[Site "Omegna ITA"]
[Date "2014.08.10"]
[Round "5"]
[White "Giusti, Francesco"]
[Black "Guensberg, Alex"]
[WhiteElo "1584"]
[BlackElo "1754"]
[Result "0-1"]
[PlyCount "42"]
[EventDate "2014.08.08"]

1. e4 e5 2. Nf3 Nf6 3. Nc3 Nc6 4. Bc4 Bc5 5. Na4 Bxf2+ 6. Kxf2 Nxe4+ 7. Kg1 d5
8. Be2 O-O 9. d3 Nd6 10. b3 e4 11. dxe4 dxe4 12. Nd4 Ne5 13. Ba3 Qf6 14. Qf1
Qg5 15. Bxd6 cxd6 16. Nc3 Qe3+ 17. Qf2 Qxc3 18. Rf1 Bg4 19. Re1 Bxe2 20. Nxe2
Qxc2 21. Qd4 Nd3 0-1

[Event "II Weekend Open"]
[Site "Omegna ITA"]
[Date "2014.08.10"]
[Round "5"]
[White "Greco, Umberto"]
[Black "Benenati, Gianfranco"]
[WhiteElo "1707"]
[BlackElo "1832"]
[Result "0-1"]
[PlyCount "110"]
[EventDate "2014.08.08"]

1. c4 Nf6 2. Nf3 g6 3. Nc3 Bg7 4. g3 d6 5. Bg2 Nc6 6. d3 e5 7. Bg5 h6 8. Bxf6
Qxf6 9. Nd5 Qd8 10. Rb1 Be6 11. Nd2 Rb8 12. O-O O-O 13. b4 Ne7 14. Nxe7+ Qxe7
15. b5 f5 16. Qc2 Qd7 17. Rfe1 f4 18. a4 Kh7 19. a5 Bh3 20. Bf3 fxg3 21. hxg3
Bg4 22. Bg2 Qf7 23. f3 Be6 24. a6 b6 25. Nf1 Qd7 26. Ne3 Bf6 27. Nd5 Bg5 28.
Nb4 Bh3 29. e3 Bxg2 30. Kxg2 h5 31. f4 exf4 32. exf4 Bxf4 33. Nc6 Qg4 34. Re7+
Kh6 35. Qe2 Qxg3+ 36. Kh1 Qh4+ 37. Kg1 Rf5 38. Rh7+ Kxh7 39. Qe7+ Qxe7 40. Nxe7
Be3+ 41. Kh1 Rf3 42. Nc6 Ra8 43. Re1 Bg5 44. Rg1 Kh6 45. d4 Bf4 46. Re1 Rf2 47.
Re7 h4 48. Kg1 Rc2 49. Rf7 Be3+ 50. Kf1 Rxc4 51. Rxc7 Bxd4 52. Rxa7 Rf8+ 53.
Ke2 h3 54. Rb7 h2 55. a7 h1=Q 0-1

[Event "II Weekend Open"]
[Site "Omegna ITA"]
[Date "2014.08.10"]
[Round "5"]
[White "Grudina, Marco"]
[Black "Lantschner, Carmen"]
[WhiteElo "1741"]
[BlackElo "1690"]
[Result "1-0"]
[PlyCount "49"]
[EventDate "2014.08.08"]

1. e4 d6 2. d4 Nf6 3. Nc3 g6 4. Bg5 Bg7 5. e5 dxe5 6. dxe5 Qxd1+ 7. Rxd1 Nfd7
8. f4 e6 9. Nb5 Na6 10. Nf3 O-O 11. c3 Nb6 12. Kf2 Bd7 13. Be2 Bxb5 14. Bxb5 c6
15. Bxa6 bxa6 16. b3 Rfe8 17. Rd6 Rac8 18. c4 h6 19. Bh4 Bf8 20. Rd3 Be7 21.
Bxe7 Rxe7 22. Rhd1 Kf8 23. Nd2 Ke8 24. Ne4 Nd7 25. Nd6+ 1-0

[Event "II Weekend Open"]
[Site "Omegna ITA"]
[Date "2014.08.10"]
[Round "5"]
[White "Lantschner, Arnold"]
[Black "Frignani, Alessandro"]
[WhiteElo "1377"]
[BlackElo "1461"]
[Result "1/2-1/2"]
[PlyCount "108"]
[EventDate "2014.08.08"]

1. e4 e5 2. Bc4 Qf6 3. Nf3 Bc5 4. d3 h6 5. Nc3 c6 6. O-O d6 7. Qe1 Ne7 8. Be3
Bb6 9. Bxb6 axb6 10. a3 Qg6 11. Kh1 Na6 12. Qe3 Nc5 13. h3 Be6 14. Bxe6 Qxe6
15. d4 exd4 16. Qxd4 O-O 17. e5 d5 18. a4 Nf5 19. Qb4 Nd7 20. Rfe1 Rfe8 21. b3
Ra5 22. Nd4 Nxd4 23. Qxd4 Rea8 24. b4 R5a7 25. b5 Nc5 26. Ra2 Nd7 27. Rea1 Qf5
28. f4 g5 29. g4 Qxf4 30. Qxf4 gxf4 31. Re1 Nc5 32. Rea1 d4 33. Ne2 Rxa4 34.
Rxa4 Rxa4 35. Rxa4 Nxa4 36. bxc6 bxc6 37. Nxd4 c5 38. Nf3 Kf8 39. Kg2 Ke7 40.
Kf2 Ke6 41. Ke2 Nb2 42. Kd2 Nc4+ 43. Kd3 Nxe5+ 44. Nxe5 Kxe5 45. c4 f6 46. h4
f5 47. g5 h5 48. Ke2 f3+ 49. Kxf3 f4 50. Ke2 Kf5 51. Kf2 Kg6 52. Kf3 Kf5 53.
Ke2 Kg6 54. Kd3 Kf5 1/2-1/2

[Event "II Weekend Open"]
[Site "Omegna ITA"]
[Date "2014.08.10"]
[Round "5"]
[White "Maffeo, Mauro"]
[Black "Merighi, Yasin"]
[WhiteElo "1730"]
[BlackElo "1576"]
[Result "1-0"]
[PlyCount "77"]
[EventDate "2014.08.08"]

1. d4 d5 2. e3 Nf6 3. f4 Bf5 4. Bd3 Be4 5. Nf3 e6 6. O-O Bd6 7. Nbd2 Bxf3 8.
Qxf3 Nbd7 9. c3 Qe7 10. c4 c6 11. c5 Bc7 12. b4 O-O 13. Bb2 b5 14. g4 g6 15. e4
dxe4 16. Nxe4 Nd5 17. a3 Qh4 18. Nd6 N7f6 19. h3 Ne8 20. Nxe8 Rfxe8 21. Bc1 f6
22. Bd2 Qh6 23. Be4 f5 24. Bxd5 cxd5 25. g5 Qg7 26. Bc3 Kf7 27. Rae1 Re7 28.
Re2 Rh8 29. Rfe1 h6 30. Qxd5 Rhe8 31. Qf3 Qh7 32. d5 Bb8 33. d6 Rd7 34. Qc6
Rdd8 35. Qb7+ Kg8 36. Qxh7+ Kxh7 37. Rxe6 Rxe6 38. Rxe6 hxg5 39. fxg5 1-0

[Event "II Weekend Open"]
[Site "Omegna ITA"]
[Date "2014.08.10"]
[Round "5"]
[White "Martin, Raoul"]
[Black "Gbessou, Remi Stephan"]
[WhiteElo "1469"]
[BlackElo "1323"]
[Result "1-0"]
[PlyCount "60"]
[EventDate "2014.08.08"]

1. a3 e5 2. c4 Nc6 3. Nc3 Nf6 4. g3 b6 5. Bg2 Bb7 6. Nf3 d5 7. cxd5 Nxd5 8. O-O
Nf6 9. Nxe5 Qd6 10. Nxc6 Bxc6 11. Bxc6+ Qxc6 12. d3 Be7 13. Bf4 O-O 14. Rc1
Rfd8 15. Qb3 Qd7 16. e4 c6 17. Rfd1 Qh3 18. f3 Bc5+ 19. Kh1 h6 20. Ne2 g5 21.
d4 Kg7 22. dxc5 b5 23. Bd6 g4 24. Nf4 Nh5 25. Qe3 Kh7 26. Nxh3 gxh3 27. Qd4 Ng7
28. Qf6 Rd7 29. Bf4 Rh8 30. Be5 Ne8 1-0

[Event "II Weekend Open"]
[Site "Omegna ITA"]
[Date "2014.08.10"]
[Round "5"]
[White "Minore, Antonino"]
[Black "Alberio, Nicolo'"]
[WhiteElo "1276"]
[BlackElo "1659"]
[Result "0-1"]
[PlyCount "112"]
[EventDate "2014.08.08"]

1. d4 d5 2. g3 Nf6 3. Bg2 g6 4. Nf3 Bg7 5. c4 c6 6. Qc2 Na6 7. Bd2 dxc4 8. Qxc4
Ne4 9. Nc3 Nxd2 10. Kxd2 O-O 11. Kc2 Nc7 12. e4 Bg4 13. Rac1 Bxf3 14. Bxf3 Qxd4
15. Qe2 Qf6 16. Kb1 Ne6 17. Bg2 Nd4 18. Qd2 e5 19. Ne2 Qxf2 20. Qe1 Qxe2 21.
Qxe2 Nxe2 22. Rcd1 Nd4 23. h4 h5 24. Bf1 Rad8 25. Bc4 Ne6 26. Rdf1 Rd4 27. Bb3
Rxe4 28. Rh2 Rd8 29. Rhf2 Re3 30. Rxf7 Rxb3 31. axb3 Rd3 32. Re7 Rxb3 33. Rxe6
Rxg3 34. Re7 Rg4 35. Rff7 Bh6 36. Rxb7 Rf4 37. Rfe7 Rxh4 38. Rh7 Bf8 39. Rhd7
Rf4 40. Rxa7 h4 41. Rh7 g5 42. Rh5 Rf5 43. Rah7 e4 44. Rh8+ Kf7 45. R5h7+ Bg7
46. Rc8 Kg6 47. Rxg7+ Kxg7 48. Rxc6 h3 49. Rc7+ Kg6 50. Rc6+ Kh5 51. Rc2 g4 52.
b4 g3 53. Rc5 Rxc5 54. bxc5 g2 55. c6 g1=Q+ 56. Kc2 Qc5+ 0-1

[Event "II Weekend Open"]
[Site "Omegna ITA"]
[Date "2014.08.10"]
[Round "5"]
[White "Modaffari, Giuseppe"]
[Black "Rancati, David"]
[WhiteElo "1576"]
[BlackElo "1491"]
[Result "1-0"]
[PlyCount "95"]
[EventDate "2014.08.08"]

1. e4 c5 2. Nf3 Nc6 3. d4 cxd4 4. Nxd4 e5 5. Nb5 d6 6. c4 a6 7. N5a3 Nf6 8. Nc3
Be6 9. Be2 Rc8 10. Bg5 Be7 11. O-O Nd4 12. Bxf6 Bxf6 13. Bg4 O-O 14. Bxe6 fxe6
15. Ne2 Qb6 16. Nxd4 exd4 17. Rb1 e5 18. b4 Qa7 19. Qb3 Kh8 20. Nc2 b5 21. Na3
Qb6 22. Rbc1 Be7 23. g3 Rc7 24. Qd3 Rfc8 25. c5 dxc5 26. bxc5 Rxc5 27. Rxc5
Rxc5 28. Nb1 Qa5 29. a3 Qc7 30. Kg2 Rc2 31. Nd2 Rc3 32. Qb1 Rxa3 33. Nb3 h6 34.
Rc1 Qb6 35. f4 Qd6 36. Nc5 Qb6 37. Nd3 Qa5 38. Nxe5 Qd2+ 39. Kh3 Ra2 40. Ng6+
Kh7 41. Nxe7 Qxh2+ 42. Kg4 h5+ 43. Kf5 d3 44. Rh1 Qe2 45. Qxd3 Qg4+ 46. Ke5 b4
47. Qc4 Ra5+ 48. Kd6 1-0

[Event "II Weekend Open"]
[Site "Omegna ITA"]
[Date "2014.08.10"]
[Round "5"]
[White "Nanni, Sergio"]
[Black "Brioschi, Camillo"]
[WhiteElo "1706"]
[BlackElo "1764"]
[Result "0-1"]
[PlyCount "58"]
[EventDate "2014.08.08"]

1. e4 e5 2. Nc3 Nf6 3. Bc4 Nc6 4. d3 d6 5. Nge2 Be7 6. O-O O-O 7. f4 Na5 8. f5
Nxc4 9. dxc4 c6 10. Ng3 b5 11. cxb5 cxb5 12. b4 Bb7 13. Nd5 Bxd5 14. exd5 Qb6+
15. Kh1 Qb7 16. Nh5 Rfc8 17. Bg5 Nxh5 18. Bxe7 Qxe7 19. Qxh5 f6 20. Rf3 Rxc2
21. Rh3 h6 22. Rg3 Kh8 23. a4 Rac8 24. h3 Qe8 25. Qd1 R8c4 26. Re3 Qc8 27. Qf3
Rf4 28. Qh5 Rxf5 29. Qg6 Rg5 0-1

[Event "II Weekend Open"]
[Site "Omegna ITA"]
[Date "2014.08.10"]
[Round "5"]
[White "Nordio, Giordano"]
[Black "Lachat, Martin"]
[WhiteElo "1413"]
[BlackElo "1646"]
[Result "0-1"]
[PlyCount "67"]
[EventDate "2014.08.08"]

1. d4 f5 2. c4 g6 3. Be3 Nf6 4. Nc3 Bg7 5. h3 d6 6. Bh6 O-O 7. Bxg7 Kxg7 8. e3
c6 9. b4 Qc7 10. Bd3 b6 11. a4 a5 12. Rb1 e5 13. Be2 Be6 14. b5 exd4 15. Qxd4
c5 16. Nd5 Bxd5 17. Qc3 Bxg2 18. Rh2 Be4 19. Rd1 d5 20. cxd5 Qxh2 21. f3 Qxg1+
22. Kd2 Qg3 23. fxe4 fxe4 24. Kc2 Qd6 25. Bg4 Kh6 26. Be6 Nbd7 27. Qe1 Ne5 28.
Qh4+ Kg7 29. Qg3 Nh5 30. Qg2 Nc4 31. Re1 Rf3 32. Kc3 Nxe3 33. Qd2 Nxd5+ 34. Kb2
0-1

[Event "II Weekend Open"]
[Site "Omegna ITA"]
[Date "2014.08.10"]
[Round "5"]
[White "Piazza, Francesco"]
[Black "Buoniconti, Francesco"]
[WhiteElo "1270"]
[BlackElo "1449"]
[Result "0-1"]
[PlyCount "68"]
[EventDate "2014.08.08"]

1. d4 Nf6 2. Nf3 d6 3. Bg5 Nbd7 4. e3 e5 5. Bb5 c6 6. Bc4 Be7 7. dxe5 dxe5 8.
O-O O-O 9. Nc3 b5 10. Bb3 a5 11. a3 Ba6 12. Re1 Qc7 13. Bxf6 Bxf6 14. e4 Rad8
15. Qc1 Bc8 16. h3 Nc5 17. Ba2 Be6 18. Bxe6 Nxe6 19. g3 h6 20. h4 g5 21. hxg5
Nxg5 22. Nxg5 Bxg5 23. Qb1 Qa7 24. Kg2 f5 25. Re2 fxe4 26. Nxe4 Rd7 27. Nxg5
hxg5 28. c3 Kg7 29. Qe4 Rdf7 30. Qxe5+ Kg8 31. Qxg5+ Rg7 32. Qh6 Rh7 33. Qxc6
Rhf7 34. Qg6+ Rg7 0-1